Guess the Olivia Rodrigo song from the lyrics! - Statistics

General Stats
  • This quiz has been taken 1,879 times
  • The average score is 11 of 15
Answer Stats
lyrics song names % Correct
"you betrayed me" traitor
94%
"you said forever now I drivealone past your street" drivers license
93%
"car rides to malibu" deja vu
89%
"the way you sold me for parts" vampire
89%
"so find someone great butdon't find no one better" happier
87%
"like a damn sociopath" good 4 u
85%
"co-comparison is killing meslowly" jealousy, jealousy
84%
"all the things i did, just so iicould call you mine" favorite crime
75%
"yes i know that he's my ex" bad idea right?
74%
"i wanna make him really jealous,
wanna make him feel bad"
get him back!
74%
"all i did was try my best" brutal
72%
"and you always say i'mnever satisfied" enough for you
58%
"i know my age and I act like it" all-american bitch
57%
"do you love me, want me, hateme boy" 1 step forward, 3 steps back
56%
"don't know if i'll see you againsomeday" hope ur ok
48%
No matching quizzes found
Score Distribution
Percent of People with Each Score
Percentile by Number Answered
Your Score History
You have not taken this quiz